000 00768nam a2200217Ia 4500
003 GCL
008 140319s9999 xx 000 0 ara d
040 _aGCL /
_cGCL
082 0 4 _a910.3
_bف د
100 1 _aفؤاد محمد الصقار
245 1 0 _aدراسات فى الجغرافية البشرية /
_cفؤاد محمد الصقار
260 _aالكويت :
_bوكالة المطبوعات ،
_c0
300 _a338 ص ؛
_c24 سم
650 0 4 _aالجغرافيا البشرية
650 0 4 _aالانسان والبيئة
650 0 4 _aالمشاكل السكانية
650 0 4 _aالمشاكل السياسية
650 0 4 _aالبيئة الجغرافية
650 0 4 _aالسكان - المشاكل الاقتصادية
942 _2ddc
_cBK
999 _c36375
_d36375